MARC

LEADER 00000nam0a2200000 4500
001 246642
005 20231101232227.0
035 |a (RuTPU)RU\TPU\book\268095 
090 |a 246642 
100 |a 20131206d1978 k y0rusy50 ca 
101 0 |a rus 
102 |a RU 
105 |a a z 001zy 
200 1 |a Управляемая кристаллизация в трубчатом контейнере  |f Академия наук СССР (АН СССР), Сибирское отделение (СО), Институт неорганической химии им. А. В. Николаева (ИНХ) ; под ред. А. Н. Киргинцева 
210 |a Новосибирск  |c Наука  |d 1978 
215 |a 255 с.  |c ил. 
320 |a Библиогр. в конце ст. 
606 1 |a Кристаллизация  |x (кристаллография)  |2 stltpush  |3 (RuTPU)RU\TPU\subj\79323  |9 87913 
610 1 |a понятия 
610 1 |a определения 
610 1 |a гидродинамика 
610 1 |a вещества 
610 1 |a очистка 
610 1 |a примеси 
610 1 |a концентрирование 
610 1 |a монокристаллы 
610 1 |a выращивание 
610 1 |a водно-солевые растворы 
675 |a 548.5  |v 3 
702 1 |a Киргинцев  |b А. Н.  |4 340 
712 0 2 |a Академия наук СССР (АН СССР)  |b Сибирское отделение (СО)  |b Институт неорганической химии им. А. В. Николаева (ИНХ)  |c (Новосибирск)  |2 stltpush  |3 (RuTPU)RU\TPU\col\12178 
801 1 |a RU  |b 63413507  |c 20131206 
801 2 |a RU  |b 63413507  |c 20201215  |g RCR 
942 |c BK